IMDb's Most Prolifically Popular Actors - Statistics

General Stats
  • This quiz has been taken 766 times
    518 since last reset
  • The average score is 8 of 35
Answer Stats
Top 100 Movies Actor Roles % Correct
5 Tom Hanks Forrest Gump, Captain Miller, Woody (V), Paul Edgecomb
86%
5 Harrison Ford Indy, Han Solo, Colonel Lucas
80%
4 Robert De Niro James Conway, Travis Bickle, David 'Noodles' Aaronson, Vito Corleone
74%
5 James Earl Jones Darth Vader (V), Mufasa (V), Lt. Lothar Zogg
61%
4 Elijah Wood Frodo, Patrick
56%
4 Morgan Freeman Ellis Boyd 'Red' Redding, Somerset, Lucius Fox
53%
4 Alec Guinness Ben Obi-Wan Kenobi, Prince Feisal
43%
5 Michael Caine Miles, Cutter, Professor Brand, Alfred
37%
4 Andy Serkis Gollum / Smeagol (V), Alley
36%
4 James Stewart George Bailey, L.B. 'Jeff' Jefferies, John 'Scottie' Ferguson
33%
5 Charles Chaplin Hynkel - Dictator of Tomania / A Jewish Barber, Referee / The Lone Prospector, A Factory Worker, A Tramp
30%
4 Robert Duvall Tom Hagen, Boo Radley, Lieutenant Colonel Bill Kilgore
29%
4 Hugo Weaving Elrond, Agent Smith
28%
4 Kevin Spacey Jack Vincennes, Verbal, Lester Burnham, John Doe
27%
4 Sam Harris Officer, Newsreel Man, Audience Member, Prisoner
26%
4 John Rhys-Davies Gimli / Voice of Treebeard, Sallah
18%
4 Alfred Hitchcock Man Outside Real Estate Office, Clock-Winder in Songwriter's Apartment, Man Who Misses Bus, Man Walking Past Elster's Office
11%
4 Kenny Baker R2-D2 / Paploo, Parody Commendatore
11%
4 David Prowse Julian, Darth Vader
10%
4 Alan Lee Rohan Recruit, Ring King of Men, Klingman - Casino Owner, Newlyweds' Landlord
7%
6 John Ratzenberger Rebel Force Major Derlin, Hamm (V), Assistant Manager (V), John (V), Fritz (V)
5%
5 R. Lee Ermey Sarge (V), Eagle Thrust Seven Helicopter Pilot, Gny. Sgt. Hartman, Police Captain
5%
5 Arthur Tovey Bank Officer, Wilbur, Courtroom Spectator, Juror, Man at Auction
1%
4 Bert Moorhouse Hynkel's Staff Officer, Man at Xandadu Great Hall, Man with Sheriff, Gordon Cole
1%
6 Bess Flowers Norton's Secretary, Audience Member, Courtroom Spectator, Songwriter's Party Guest with Poodle, Hotel Lounge Patron, Diner at Ernie's
1%
5 Burnell Tucker Policeman, TMA-1 Site Photographer, Del Goren, Other Rebel Officer, Mandrake's Aide
1%
5 Danny Borzage Man Singing at Inquirer Party, Accordionist, Courtroom Spectator, Juror
1%
4 Frank Welker R.C. the Race Car / Scud / Buster / Bullseye, The Monkey, Pigeon (V)
1%
4 Jan Rabson Sparks (V)
1%
5 Joseph Oliveira Marciano, Bartender, Officer, Astronaut
1%
5 Mickie McGowan Sid's Mom (V)
1%
4 Peter Diamond German Soldier, Stormtrooper / Tusken Raider / Death Star Trooper / Garouf Lafoe, Snowtrooper Gunner, Biker Scout Pushed Off Bike
1%
4 Robert Haines Man Singing at Inquirer Party, Awards Ceremony Attendee, Man at United Nations Building, Stenographer
1%
5 Russ Fega Cab Driver, Waiter, Man in Hotel, Crew Chief, Trader #3
1%
7 Sherry Lynn Mi-do (V), Mother's Joy (V)
1%
No matching quizzes found
Score Distribution
Percent of People with Each Score
Percentile by Number Answered
Your Score History
You have not taken this quiz since the last reset